000
00280nam a22001337a 4500
008
181022b xxu||||| |||| 00| 0 eng d
020
_a
9780737708509
041
_a
eng
080
_a
574
100
_a
9
101
_a
MJE
245
_a
Biodiversity
_c
William.D
942
_2
udc
_c
BK
999
_c
50439
_d
50439